[Event "Guernsey Open 2011"]
[Site "Guernsey, Channel Islands"]
[Date "2011.10.20"]
[Round "5"]
[White "Von Saldern, Rudiger"]
[Black "Morcom, Hugh"]
[Result "1-0"]
[WhiteElo "2010"]
[BlackElo "1955"]
[PlyCount "59"]
[EventDate "2011.10.16"]
[SourceDate "2011.11.07"]

1. d4 g6 2. e4 Bg7 3. Nf3 b6 4. c3 Bb7 5. Bd3 d6 6. Be3 Nd7 7. O-O e6 8. Nbd2
Ne7 9. Rc1 h6 10. Bb1 a6 11. Ne1 d5 12. e5 Nf5 13. b4 a5 14. b5 Nxe3 15. fxe3
Qg5 16. Qe2 Rf8 17. Ndf3 Qe7 18. Nd3 c6 19. bxc6 Bxc6 20. Qb2 b5 21. Qe2 h5 22.
Nf2 Bh6 23. Bd3 Rb8 24. Rb1 b4 25. cxb4 axb4 26. Rfc1 Ba4 27. Rc7 Qd8 28. Rbc1
Nb6 29. Bb5+ Bxb5 30. Qxb5+ 1-0

[Event "Guernsey Open 2011"]
[Site "Guernsey, Channel Islands"]
[Date "2011.10.20"]
[Round "5"]
[White "Dijksterhuis, Rolf"]
[Black "Fassaert, Desire"]
[Result "1/2-1/2"]
[WhiteElo "1998"]
[BlackElo "1930"]
[PlyCount "46"]
[EventDate "2011.10.16"]
[SourceDate "2011.11.07"]

1. d4 Nf6 2. c4 e6 3. Nf3 Bb4+ 4. Bd2 Qe7 5. a3 Bxd2+ 6. Qxd2 d6 7. Nc3 O-O 8.
e4 e5 9. d5 a5 10. Be2 a4 11. O-O Na6 12. Ne1 Nc5 13. Qc2 b6 14. f3 Nh5 15. Nd3
Nxd3 16. Bxd3 Bd7 17. Ne2 Qg5 18. Qc1 Nf4 19. Nxf4 Qxf4 20. Qxf4 exf4 21. Kf2
g5 22. h4 h6 23. Rh1 Kg7 1/2-1/2

[Event "Guernsey Open 2011"]
[Site "Guernsey, Channel Islands"]
[Date "2011.10.20"]
[Round "5"]
[White "Brookfield, Toby"]
[Black "Ippel, Cornelius J"]
[Result "1-0"]
[WhiteElo "1802"]
[BlackElo "1969"]
[PlyCount "53"]
[EventDate "2011.10.16"]
[SourceDate "2011.11.07"]

1. e4 e6 2. d4 d5 3. Nc3 Bb4 4. e5 c5 5. a3 Ba5 6. Qg4 Ne7 7. dxc5 Bxc3+ 8.
bxc3 Qc7 9. Nf3 Qxc5 10. Bd2 Ng6 11. Bd3 Bd7 12. O-O Nc6 13. Rab1 O-O-O 14. Rb5
Qxa3 15. Rb3 Qe7 16. Rfb1 Na5 17. Rxb7 Nxb7 18. Ba6 Bc6 19. Nd4 Qc7 20. Nxc6
Qxc6 21. Bxb7+ Qxb7 22. Rxb7 Kxb7 23. Qa4 Rc8 24. Be3 a6 25. Qb4+ Kc6 26. Qd6+
Kb5 27. Qb6+ 1-0

[Event "Guernsey Open 2011"]
[Site "Guernsey, Channel Islands"]
[Date "2011.10.20"]
[Round "5"]
[White "De Graaf, Arnoud"]
[Black "Rowe, Peter"]
[Result "1-0"]
[WhiteElo "1860"]
[BlackElo "1999"]
[PlyCount "57"]
[EventDate "2011.10.16"]
[SourceDate "2011.11.07"]

1. Nf3 d5 2. c4 e6 3. d4 Nf6 4. g3 dxc4 5. Bg2 a6 6. O-O Be7 7. Ne5 O-O 8. Nc3
Nbd7 9. Nxc4 Rb8 10. e4 b6 11. Qe2 Bb7 12. Rd1 Qc8 13. Bf4 Ne8 14. Rac1 a5 15.
Qc2 Ba6 16. Nd2 g5 17. Be3 e5 18. Nf3 exd4 19. Nxd4 c5 20. Nf5 Bf6 21. Nd5 Kh8
22. Nxf6 Ndxf6 23. Bxg5 Qe6 24. Qc3 h5 25. Bf4 Rc8 26. Bd6 Rg8 27. Be5 Ra8 28.
Bxf6+ Nxf6 29. Rd6 1-0

[Event "Guernsey Open 2011"]
[Site "Guernsey, Channel Islands"]
[Date "2011.10.20"]
[Round "5"]
[White "Hickman, John"]
[Black "Nicholson, John"]
[Result "1-0"]
[WhiteElo "1975"]
[BlackElo "1836"]
[PlyCount "65"]
[EventDate "2011.10.16"]
[SourceDate "2011.11.07"]

1. e4 c5 2. Nf3 e6 3. d3 Nc6 4. g3 Nf6 5. Bg2 d5 6. Nbd2 Be7 7. O-O O-O 8. Re1
d4 9. e5 Nd5 10. a4 f5 11. exf6 gxf6 12. Nc4 e5 13. Bh6 Rf7 14. Nfd2 Be6 15. f4
Qd7 16. fxe5 fxe5 17. Nxe5 Nxe5 18. Rxe5 Bf6 19. Rxe6 Qxe6 20. Qh5 Ne3 21. Be4
Rd8 22. Nf3 Qg4 23. Qxc5 Qh3 24. Bxe3 dxe3 25. Bd5 Rxd5 26. Qxd5 Qg4 27. c3 h5
28. Qe4 Bxc3 29. bxc3 Rxf3 30. Qxg4+ hxg4 31. Re1 Kf7 {(=)} 32. Re2 Kf6 33. Kg2
1-0

[Event "Guernsey Open 2011"]
[Site "Guernsey, Channel Islands"]
[Date "2011.10.20"]
[Round "5"]
[White "De Kruif, Kees"]
[Black "Reutimann, Hans Peter"]
[Result "1-0"]
[WhiteElo "1953"]
[BlackElo "1791"]
[PlyCount "77"]
[EventDate "2011.10.16"]
[SourceDate "2011.11.07"]

1. b4 e5 2. Bb2 d6 3. e3 Nf6 4. Be2 Be6 5. d3 Nbd7 6. Nf3 Be7 7. O-O O-O 8. c4
h6 9. Nbd2 Nh7 10. e4 f5 11. d4 fxe4 12. Nxe4 Bf5 13. Ng3 e4 14. Nd2 Ng5 15.
Qb3 Bg6 16. h4 Nf3+ 17. gxf3 Bxh4 18. fxe4 Nf6 19. Bf3 Qd7 20. Bg2 Nh5 21. Nxh5
Bxh5 22. Rae1 Rf4 23. e5 Raf8 24. e6 Qe7 25. Ne4 Bf3 26. Ng3 Bg4 27. d5 Rf3 28.
Bxf3 Bxf3 29. Re3 Bg4 30. Qc3 Bf6 31. Qc2 Bg5 32. Ree1 Bf3 33. Qg6 Bf6 34. Bxf6
Rxf6 35. Qd3 h5 36. Re3 Bg4 37. Qe4 Bh3 38. Nxh5 Bf5 39. Nxf6+ 1-0

[Event "Guernsey Open 2011"]
[Site "Guernsey, Channel Islands"]
[Date "2011.10.20"]
[Round "5"]
[White "Kirk, Matthew"]
[Black "Goris Schouwstra, Adri"]
[Result "0-1"]
[WhiteElo "1727"]
[BlackElo "1862"]
[PlyCount "90"]
[EventDate "2011.10.16"]
[SourceDate "2011.11.07"]

1. d4 d5 2. c4 e6 3. Nc3 Be7 4. Nf3 Nf6 5. Bf4 a6 6. a4 O-O 7. e3 Nbd7 8. Bd3
c5 9. O-O cxd4 10. exd4 dxc4 11. Bxc4 Nb6 12. Bd3 Nbd5 13. Bg3 h6 14. Re1 Bd7
15. Nxd5 Nxd5 16. Ne5 Rc8 17. Nxd7 Qxd7 18. Be4 Nf6 19. Qf3 Nxe4 20. Qxe4 Rc4
21. Be5 Rfc8 22. h3 f6 23. Bg3 e5 24. Rad1 Bb4 25. b3 Bxe1 26. bxc4 Bc3 27. d5
Qxa4 28. Qg4 f5 29. Qf3 Rxc4 30. d6 Bd4 31. Bxe5 Bxe5 32. Qd5+ Kh8 33. d7 Bf6
34. Re1 Re4 35. Rc1 Qb5 36. Rc8+ Kh7 37. Qg8+ Kg6 38. Qe8+ Kg5 39. d8=Q Bxd8
40. Qxd8+ Kg6 41. Qd6+ Kh7 42. h4 Qb1+ 43. Kh2 Rxh4+ 44. Kg3 Rg4+ 45. Kf3 Qe4#
0-1

[Event "Guernsey Open 2011"]
[Site "Guernsey, Channel Islands"]
[Date "2011.10.20"]
[Round "5"]
[White "Glover, John"]
[Black "Hauptmann, Thomas"]
[Result "1/2-1/2"]
[WhiteElo "1857"]
[BlackElo "2018"]
[PlyCount "103"]
[EventDate "2011.10.16"]
[SourceDate "2011.11.07"]

1. Nf3 Nf6 2. c4 d6 3. d4 c6 4. Nc3 g6 5. g3 Bg7 6. Bg2 O-O 7. O-O Nbd7 8. h3
Re8 9. e4 e5 10. Be3 exd4 11. Nxd4 Nc5 12. Qc2 a5 13. Rfe1 Qe7 14. f3 h5 15.
Rad1 h4 16. Bf4 Nh5 17. Nxc6 bxc6 18. Bxd6 Qg5 19. f4 Qxg3 20. Bxc5 Bxh3 21.
Qf2 Qxg2+ 22. Qxg2 Bxg2 23. Kxg2 Nxf4+ 24. Kf3 Ne6 25. Be3 Rab8 26. Re2 Rb4 27.
c5 Nd4+ 28. Bxd4 Rxd4 29. Rxd4 Bxd4 30. Na4 Re5 31. Rc2 Rg5 32. Rg2 Rxg2 33.
Kxg2 Kg7 34. Kh3 Kf6 35. Kxh4 Ke5 36. Nb6 Kxe4 37. Nc4 Bxc5 38. Nxa5 Be7+ 39.
Kh3 Kd5 40. b3 f5 41. Nc4 g5 42. a4 Kc5 43. Kg2 Kb4 44. Ne5 Kc5 45. Kf3 g4+ 46.
Ke2 Bd6 47. Nd3+ Kb6 48. b4 f4 49. Kf1 g3 50. Kg2 Ka6 51. Kf3 Kb6 52. Kg2
1/2-1/2

[Event "Guernsey Open 2011"]
[Site "Guernsey, Channel Islands"]
[Date "2011.10.20"]
[Round "5"]
[White "Vonhoff, Nils"]
[Black "Van Hoek, Wim"]
[Result "1-0"]
[WhiteElo "1751"]
[BlackElo "1936"]
[PlyCount "43"]
[EventDate "2011.10.16"]
[SourceDate "2011.11.07"]

1. e4 e5 2. f4 Bc5 3. Nf3 d6 4. Bc4 Nf6 5. d3 Nc6 6. Nc3 a6 7. f5 h6 8. h3 b5
9. Bb3 Nd4 10. Nxd4 Bxd4 11. Ne2 Ba7 12. Ng3 d5 13. exd5 c6 14. dxc6 Qb6 15.
Qf3 O-O 16. Bd2 Re8 17. O-O-O a5 18. Ne4 Nxe4 19. dxe4 Ba6 20. Qg3 Qf2 21. Qxf2
Bxf2 22. Bxa5 1-0

[Event "Guernsey Open 2011"]
[Site "Guernsey, Channel Islands"]
[Date "2011.10.20"]
[Round "5"]
[White "Knight, Tim R"]
[Black "Dennis, Nigel"]
[Result "0-1"]
[WhiteElo "1744"]
[BlackElo "1932"]
[PlyCount "94"]
[EventDate "2011.10.16"]
[SourceDate "2011.11.07"]

1. b4 d5 2. Bb2 Nf6 3. e3 e6 4. c4 dxc4 5. Bxc4 Nbd7 6. a3 Be7 7. Nf3 b6 8. O-O
Bb7 9. d4 O-O 10. Nc3 Ne4 11. d5 Nxc3 12. Bxc3 exd5 13. Bxd5 Bxd5 14. Qxd5 Bf6
15. Bxf6 Nxf6 16. Qxd8 Rfxd8 17. Rfd1 Kf8 18. Kf1 Ke7 19. Ke2 Ne4 20. Rd4 Rxd4
21. Nxd4 c5 22. Nf5+ Kf6 23. Ng3 Nxg3+ 24. hxg3 cxb4 25. axb4 a5 26. Ra4 Ke5
27. bxa5 bxa5 28. Kd3 Kd5 29. Kc3 Kc5 30. Rc4+ Kb6 31. Kb3 Ra7 32. Rh4 h6 33.
Rg4 g5 34. Rd4 Kc5 35. Rc4+ Kb5 36. Rd4 a4+ 37. Ka3 Kc5 38. Rb4 Rd7 39. Rb2 Kc4
40. Rc2+ Kd3 41. Rb2 Kc3 42. Rb6 Rd1 43. Rc6+ Kd3 44. Kxa4 {(=)} Ke2 45. Rxh6
Kxf2 46. Rf6+ Kxg2 47. Rxf7 Kxg3 0-1

[Event "Guernsey Open 2011"]
[Site "Guernsey, Channel Islands"]
[Date "2011.10.20"]
[Round "5"]
[White "Gravett, Alan D"]
[Black "Cummins, John"]
[Result "1-0"]
[WhiteElo "1925"]
[BlackElo "1862"]
[PlyCount "89"]
[EventDate "2011.10.16"]
[SourceDate "2011.11.07"]

1. Nf3 Nf6 2. g3 d5 3. c4 e6 4. Bg2 c6 5. b3 Be7 6. Bb2 Nbd7 7. O-O O-O 8. d4
Re8 9. Nbd2 Bf8 10. Ne5 Nxe5 11. dxe5 Nd7 12. Qc2 Rb8 13. Rac1 Nb6 14. Rfd1 Qg5
15. h4 Qe7 16. a3 Bd7 17. c5 Na8 18. b4 Nc7 19. Bf3 h6 20. h5 Qd8 21. Qd3 Be7
22. Nc4 Rf8 23. Ne3 f5 24. Ng2 Bg5 25. e3 Be8 26. Kf1 Bf7 27. Ke2 Ra8 28. Nf4
a5 29. g4 axb4 30. axb4 Nb5 31. gxf5 exf5 32. e6 Be8 33. Rg1 d4 34. Qc4 Kh7 35.
exd4 Qf6 36. Nd3 Bxc1 37. Rxc1 Rd8 38. d5 cxd5 39. Bxf6 dxc4 40. e7 cxd3+ 41.
Kd2 Bc6 42. Bxc6 bxc6 43. exd8=Q Rxd8 44. Bxd8 Nd4 45. Kxd3 1-0

[Event "Guernsey Open 2011"]
[Site "Guernsey, Channel Islands"]
[Date "2011.10.20"]
[Round "5"]
[White "Bakkes, Frits"]
[Black "Campbell, Eoin"]
[Result "1/2-1/2"]
[WhiteElo "1605"]
[BlackElo "1885"]
[PlyCount "59"]
[EventDate "2011.10.16"]
[SourceDate "2011.11.07"]

1. e4 d6 2. d4 Nf6 3. Nc3 g6 4. Nf3 Bg7 5. Be2 O-O 6. Be3 c6 7. h3 Nbd7 8. Qd2
e5 9. O-O-O exd4 10. Nxd4 Re8 11. Nb3 Bf8 12. Bh6 Nxe4 13. Nxe4 Rxe4 14. Bf3
Re6 15. Nd4 Re5 16. h4 Qf6 17. Bg5 Qg7 18. Bf4 Re8 19. h5 Ne5 20. hxg6 fxg6 21.
Bh6 Qh8 22. Bxf8 Rxf8 23. Rh6 Nf7 24. Rh4 Qf6 25. Rdh1 Ng5 26. Be2 Bd7 27. f4
Ne4 28. Qe3 Rae8 29. Rxh7 Nc5 30. Rh8+ 1/2-1/2

[Event "Guernsey Open 2011"]
[Site "Guernsey, Channel Islands"]
[Date "2011.10.20"]
[Round "5"]
[White "Murray, Steve"]
[Black "Bridel, Jon"]
[Result "0-1"]
[WhiteElo "1885"]
[BlackElo "1775"]
[PlyCount "90"]
[EventDate "2011.10.16"]
[SourceDate "2011.11.07"]

1. e4 b6 2. d4 Bb7 3. Bd3 e6 4. Nf3 Nf6 5. Qe2 d6 6. Bg5 h6 7. Bh4 g5 8. Bg3
Nh5 9. Nbd2 Bg7 10. c3 Nd7 11. h3 Nxg3 12. fxg3 Qe7 13. Rf1 O-O-O 14. Ba6 Nb8
15. Bxb7+ Kxb7 16. a4 a5 17. b4 axb4 18. cxb4 Nc6 19. Nb3 Nxb4 20. Rc1 Qd7 21.
Qc4 c5 22. Rf2 d5 23. Qe2 c4 24. Na1 Nd3+ 25. Kd2 Nxc1 26. Kxc1 Qxa4 27. Nc2
Rhe8 28. e5 Bf8 29. Nd2 b5 30. Rxf7+ Re7 31. Qf2 Qa8 32. Rxe7+ Bxe7 33. Qf7 Re8
34. Nb1 Qd8 35. Qg6 Bf8 36. Qf7+ Re7 37. Qf3 Kc6 38. Qa3 Kb7 39. Qb2 Qb6 40.
Nca3 b4 41. Nc2 Rf7 42. Ne3 c3 43. Qe2 Qxd4 44. Ng4 Qc4 45. Qxc4 dxc4 0-1

[Event "Guernsey Open 2011"]
[Site "Guernsey, Channel Islands"]
[Date "2011.10.21"]
[Round "6"]
[White "Pert, Nicholas"]
[Black "Williams, Peter A"]
[Result "1/2-1/2"]
[WhiteElo "2557"]
[BlackElo "2196"]
[PlyCount "59"]
[EventDate "2011.10.16"]
[SourceDate "2011.11.07"]

1. d4 d5 2. c4 c6 3. Nf3 Nf6 4. e3 Bf5 5. Nc3 e6 6. Nh4 Bg6 7. Nxg6 hxg6 8. g3
Nbd7 9. a3 Ne4 10. Nxe4 dxe4 11. Qb3 Qc7 12. Bd2 Be7 13. Bc3 a5 14. Rd1 a4 15.
Qc2 f5 16. Be2 Nf6 17. f4 Kf7 18. Kf2 Qd7 19. Qd2 Rab8 20. Bb4 Rhc8 21. Rc1 Rd8
22. h3 Bxb4 23. Qxb4 Qe7 24. Qxe7+ Kxe7 25. g4 Rh8 26. g5 Nd7 27. c5 Rhc8 28.
Rcd1 b5 {(=)} 29. cxb6 Nxb6 30. Rd2 1/2-1/2

[Event "Guernsey Open 2011"]
[Site "Guernsey, Channel Islands"]
[Date "2011.10.21"]
[Round "6"]
[White "Mack, Wolfgang"]
[Black "Sulskis, Sarunas"]
[Result "0-1"]
[WhiteElo "2279"]
[BlackElo "2577"]
[PlyCount "56"]
[EventDate "2011.10.16"]
[SourceDate "2011.11.07"]

1. g3 e5 2. Bg2 d5 3. d3 c6 4. Nc3 Bb4 5. a3 Ba5 6. b4 Bb6 7. Nf3 Nf6 8. O-O
O-O 9. e4 h6 10. Bb2 Re8 11. h3 a6 12. Re1 Nbd7 13. Qd2 Ba7 14. Rad1 d4 15. Ne2
c5 16. Nh4 Nb6 17. c4 Na4 18. Bc1 b5 19. Nf5 Bxf5 20. exf5 Rc8 21. Bb7 bxc4 22.
dxc4 cxb4 23. Bxc8 Qxc8 24. Qxb4 Nc5 25. Bb2 Qxf5 26. Nxd4 Qxh3 27. Nc6 Ng4 28.
Re2 Qh2+ 0-1

[Event "Guernsey Open 2011"]
[Site "Guernsey, Channel Islands"]
[Date "2011.10.21"]
[Round "6"]
[White "Hebden, Mark"]
[Black "Hillarp Persson, Tiger"]
[Result "1-0"]
[WhiteElo "2506"]
[BlackElo "2535"]
[PlyCount "139"]
[EventDate "2011.10.16"]
[SourceDate "2011.11.07"]

1. d4 Nf6 2. Nf3 e6 3. c3 b6 4. Bg5 Bb7 5. Nbd2 h6 6. Bxf6 Qxf6 7. e4 g6 8. Bd3
Qe7 9. Qe2 Bg7 10. h4 d6 11. h5 g5 12. O-O-O Nd7 13. Ba6 Bxa6 14. Qxa6 O-O 15.
Kb1 c5 16. Nb3 Rfc8 17. dxc5 Nxc5 18. Nxc5 Rxc5 19. Nd4 Qd7 20. Nb3 Rc6 21. Rd2
Qc8 22. Qxc8+ Raxc8 23. Rhd1 Bf8 24. f3 a6 25. Nc1 b5 26. Nb3 Kg7 27. a3 Kf6
28. Kc2 Ke5 29. g3 Kf6 30. Na5 R6c7 31. f4 gxf4 32. gxf4 Rc5 33. Rh1 d5 34. e5+
Ke7 35. Rg1 Kd7 36. Kd3 R5c7 37. Rdg2 Bxa3 38. Nb3 Bc5 39. Ra1 Ra7 40. Rg7 Ke7
41. f5 exf5 42. Rh7 a5 43. Rxh6 a4 44. Nxc5 Rxc5 45. Rf6 Rd7 46. Rf1 d4 47.
cxd4 Rxe5 48. R1xf5 Rxf5 49. Rxf5 b4 50. Ra5 a3 51. bxa3 bxa3 52. Ke4 Kf6 53.
Rxa3 Kg5 54. Ra5+ Kg4 55. h6 Re7+ 56. Kd5 f5 57. Ra1 f4 58. Rg1+ Kf3 59. Rg7
Re1 60. h7 Rh1 61. Kc5 Ke3 62. Re7+ Kd3 63. Rf7 Ke3 64. d5 f3 65. d6 f2 66. d7
Rh5+ 67. Kb4 Rxh7 68. Rxh7 f1=Q 69. Re7+ Kd3 70. d8=Q+ 1-0

[Event "Guernsey Open 2011"]
[Site "Guernsey, Channel Islands"]
[Date "2011.10.21"]
[Round "6"]
[White "Cornelisse, Johnny JA"]
[Black "Collier, David"]
[Result "0-1"]
[WhiteElo "2217"]
[BlackElo "2100"]
[PlyCount "70"]
[EventDate "2011.10.16"]
[SourceDate "2011.11.07"]

1. c4 Nf6 2. g3 e6 3. Bg2 d5 4. Nf3 Be7 5. O-O O-O 6. d4 b6 7. Ne5 Bb7 8. Nd2
Nfd7 9. Nd3 Bf6 10. cxd5 exd5 11. Nf3 g6 12. Bh6 Re8 13. Qd2 Nc6 14. Nf4 Ne7
15. Bh3 Nf8 16. Ne5 Bc8 17. Bg2 Ne6 18. Ng4 Bh8 19. Nxe6 Bxe6 20. Ne5 c5 21.
Nf3 c4 22. Bf4 Bf5 23. h4 Be4 24. Ne5 f6 25. Nf3 Nc6 26. Rac1 f5 27. Bg5 Qd6
28. Bf4 Qb4 29. Qc3 Rad8 30. a3 Qe7 31. Bg5 Bf6 32. Bxf6 Qxf6 33. e3 b5 34. Nd2
Bxg2 35. Kxg2 a5 0-1

[Event "Guernsey Open 2011"]
[Site "Guernsey, Channel Islands"]
[Date "2011.10.21"]
[Round "6"]
[White "Taylor, Mark V"]
[Black "Norman, Kenneth I"]
[Result "1-0"]
[WhiteElo "2131"]
[BlackElo "2160"]
[PlyCount "103"]
[EventDate "2011.10.16"]
[SourceDate "2011.11.07"]

1. f4 Nf6 2. Nf3 g6 3. b3 Bg7 4. Bb2 O-O 5. g3 c5 6. Bg2 Nc6 7. c4 a6 8. O-O
Rb8 9. Qc1 d6 10. d3 Bd7 11. e4 e6 12. Nc3 Ne8 13. Ne2 f5 14. exf5 gxf5 15.
Bxg7 Nxg7 16. d4 cxd4 17. Nexd4 Nxd4 18. Nxd4 e5 19. Nf3 Qc7 20. Qe3 Rbe8 21.
Rfd1 Rf6 22. Rac1 e4 23. Nd4 Bc8 24. Rc2 Kh8 25. Re2 Qf7 26. Nc2 Qh5 27. Bf1
Rh6 28. Qc3 Kg8 29. Ne3 Ne6 30. Nd5 Kf7 31. Rde1 Nc5 32. Rg2 Be6 33. b4 Nd7 34.
Be2 Qg6 35. Nc7 Rc8 36. Nxe6 Qxe6 37. g4 Rg6 38. Qh3 Rcg8 39. g5 R6g7 40. Bh5+
Ke7 41. Qc3 Nb6 42. Rc1 Nd7 43. Rd1 h6 44. c5 dxc5 45. Rgd2 Kd8 46. Rd6 Qxa2
47. Rxh6 Rxg5+ 48. fxg5 Rxg5+ 49. Kf1 Qg2+ 50. Ke1 Qh1+ 51. Kd2 Qxh2+ 52. Kc1
1-0

[Event "Guernsey Open 2011"]
[Site "Guernsey, Channel Islands"]
[Date "2011.10.21"]
[Round "6"]
[White "Havenaar, Jan"]
[Black "Pleasants, Allan J"]
[Result "1/2-1/2"]
[WhiteElo "2156"]
[BlackElo "2079"]
[PlyCount "65"]
[EventDate "2011.10.16"]
[SourceDate "2011.11.07"]

1. e4 g6 2. d4 Bg7 3. Nc3 d6 4. Be3 a6 5. Qd2 Nd7 6. f4 e6 7. Nf3 Ne7 8. O-O-O
b5 9. e5 Bb7 10. Qf2 Nb6 11. h4 h5 12. Ng5 Nbd5 13. Nce4 Qd7 14. Be2 Nf5 15.
Bd2 f6 16. exf6 Nxf6 17. Nxf6+ Bxf6 18. c3 O-O-O 19. Kb1 Rhf8 20. Rh3 Bd5 21.
Bd3 Qc6 22. Qe2 Rde8 23. g4 hxg4 24. Qxg4 Bg2 25. Rh2 Bxg5 26. Qxg5 Be4 27.
Bxe4 Qxe4+ 28. Kc1 Ne3 29. Bxe3 Qxe3+ 30. Rdd2 Qe1+ 31. Rd1 Qe3+ 32. Rdd2 Qe1+
33. Rd1 1/2-1/2

[Event "Guernsey Open 2011"]
[Site "Guernsey, Channel Islands"]
[Date "2011.10.21"]
[Round "6"]
[White "Goater, Kevin"]
[Black "Purdon, Colin"]
[Result "1/2-1/2"]
[WhiteElo "2138"]
[BlackElo "2075"]
[PlyCount "57"]
[EventDate "2011.10.16"]
[SourceDate "2011.11.07"]

1. d4 d5 2. Nf3 Nf6 3. e3 Bf5 4. c4 e6 5. Nc3 c6 6. Nh4 Bg6 7. Qb3 Qb6 8. Qxb6
axb6 9. Nxg6 hxg6 10. cxd5 exd5 11. g3 Nbd7 12. Bg2 Bd6 13. h3 b5 14. b3 Nf8
15. Bb2 Ne6 16. Ke2 b4 17. Nb1 Kd7 18. a4 Ng5 19. Nd2 Rhe8 20. Rhd1 Nge4 21.
Nxe4 Nxe4 22. Bxe4 Rxe4 23. Kd3 g5 24. Rh1 Rh8 25. Rag1 Re6 26. Rg2 Reh6 27.
Rgh2 f5 28. Bc1 Ke6 29. f4 1/2-1/2

[Event "Guernsey Open 2011"]
[Site "Guernsey, Channel Islands"]
[Date "2011.10.21"]
[Round "6"]
[White "Canonne, Antoine"]
[Black "Chernoff, John"]
[Result "1/2-1/2"]
[WhiteElo "2007"]
[BlackElo "2140"]
[PlyCount "138"]
[EventDate "2011.10.16"]
[SourceDate "2011.11.07"]

1. e4 e5 2. Nc3 Nf6 3. f4 d5 4. fxe5 Nxe4 5. d3 Nxc3 6. bxc3 d4 7. Nf3 Nc6 8.
cxd4 Bb4+ 9. Bd2 Bxd2+ 10. Qxd2 Nxd4 11. c3 Nxf3+ 12. gxf3 f6 13. O-O-O fxe5
14. Re1 O-O 15. Rxe5 Qf6 16. d4 Bf5 17. Bc4+ Kh8 18. Rhe1 a6 19. R1e3 Rad8 20.
Qe2 b5 21. Be6 {(=)} Bg6 22. Bb3 b4 23. Re6 Qg5 24. Qd2 bxc3 25. Rxc3 Qxd2+ 26.
Kxd2 Rxd4+ 27. Ke2 Rh4 28. Rxa6 Rxh2+ 29. Ke3 Re8+ 30. Kf4 Rg2 31. Rxc7 Bb1 32.
Re6 Rf8+ 33. Ke3 Bxa2 34. Rf7 Rg8 35. Bxa2 Rxa2 36. f4 Raa8 37. Rfe7 Rgf8 38.
Re4 Ra3+ 39. Ke2 h5 40. R7e5 g6 41. Rg5 Ra6 42. Kf3 Raf6 43. Kg3 Rg8 44. Rb5
Rg7 45. Re8+ Kh7 46. Rbb8 Rd7 47. Rh8+ Kg7 48. Rhg8+ Kh6 49. Rh8+ Rh7 50. Rhg8
Rb6 51. Rbf8 Rb3+ 52. Kh4 Rb1 53. Rf6 Rg1 54. f5 Rg4+ 55. Kh3 Kg5 56. Rgxg6+
Kf4 57. Ra6 Kxf5 58. Raf6+ Ke5 59. Re6+ Kf4 60. Ref6+ Ke5 61. Re6+ Kd5 62. Rd6+
Kc5 63. Rc6+ Kb5 64. Rb6+ Ka5 65. Ra6+ Kb5 66. Rab6+ Kc5 67. Rbc6+ Kd5 68.
Rcd6+ Ke5 69. Rde6+ Kf4 1/2-1/2

[Event "Guernsey Open 2011"]
[Site "Guernsey, Channel Islands"]
[Date "2011.10.21"]
[Round "6"]
[White "Brookes, Christopher"]
[Black "Von Saldern, Rudiger"]
[Result "1-0"]
[WhiteElo "2122"]
[BlackElo "2010"]
[PlyCount "130"]
[EventDate "2011.10.16"]
[SourceDate "2011.11.07"]

1. e4 e5 2. Nf3 Nc6 3. d4 exd4 4. Nxd4 Bc5 5. Nxc6 bxc6 6. Bc4 d6 7. Qf3 Qf6 8.
Nd2 Ne7 9. Qxf6 gxf6 10. Nb3 Bb6 11. Bf4 Be6 12. Ba6 Rb8 13. O-O Rg8 14. Kh1 h5
15. Bg3 Ng6 16. f4 h4 17. Be1 h3 18. g3 f5 19. Bd3 Kd7 20. Bf2 fxe4 21. Bxe4
Bc4 22. Bf5+ Kd8 23. Bd3 Bd5+ 24. Kg1 Nxf4 25. Bxb6 Nxd3 26. Bxc7+ Kxc7 27.
cxd3 Rb4 28. Rf2 Re8 29. Rc1 Kb6 30. Nd2 Bxa2 31. Ne4 Rd4 32. Ng5 Rxd3 33. Nxh3
Re5 34. Nf4 Rb3 35. Rd2 Rc5 36. Ra1 Ra5 37. Kf2 Rb4 38. Nd3 Rd4 39. Ke3 c5 40.
b4 Ra3 41. bxc5+ dxc5 42. Raxa2 Rdxd3+ 43. Kf4 Rxa2 44. Rxa2 c4 45. h4 c3 46.
h5 Rd2 47. Ra3 Rd4+ 48. Kg5 Rc4 49. Ra1 Kb5 50. h6 a5 51. h7 Rc8 52. Kf6 Kb4
53. Kxf7 c2 54. g4 a4 55. g5 Kb3 56. g6 Kb2 57. Re1 Rh8 58. Kg7 Rd8 59. h8=Q
Rxh8 60. Kxh8 c1=Q 61. Rxc1 Kxc1 62. g7 a3 63. g8=Q Kb2 64. Qg2+ Kb1 65. Qf1+
Kb2 1-0

[Event "Guernsey Open 2011"]
[Site "Guernsey, Channel Islands"]
[Date "2011.10.21"]
[Round "6"]
[White "Hamperl, Fred A"]
[Black "Wismayer, Clive R"]
[Result "1/2-1/2"]
[WhiteElo "2098"]
[BlackElo "2114"]
[PlyCount "172"]
[EventDate "2011.10.16"]
[SourceDate "2011.11.07"]

1. e4 e6 2. d4 d5 3. exd5 exd5 4. c4 Nf6 5. Nc3 Be7 6. Bd3 O-O 7. Nge2 dxc4 8.
Bxc4 Nc6 9. O-O a6 10. Re1 Bf5 11. Bg5 Qd6 12. Qd2 Nb4 13. Ng3 Bg6 14. f4 b5
15. Bb3 h6 16. f5 Bh7 17. Bf4 Qd7 18. a3 Nc6 19. Rad1 Rad8 20. d5 Bc5+ 21. Be3
Na5 22. Bxc5 Nxb3 23. Qf2 Nxc5 24. Qxc5 Bxf5 25. Nxf5 Qxf5 26. Qxc7 Qd7 27. Re7
Qxc7 28. Rxc7 Rd6 29. Kf2 Rfd8 30. Rc5 Ng4+ 31. Kf3 f5 32. h3 Nf6 33. Kf4 g6
34. Rc6 Kf7 35. Ke5 Ke7 36. Rxd6 Rxd6 37. Re1 Kd7 38. Kd4 Ne8 39. Kc5 Rf6 40.
a4 bxa4 41. Nxa4 f4 42. Nb6+ Kd8 43. Nc4 Ng7 44. Ne5 Nf5 45. Ng4 Rf7 46. Re6
Rc7+ 47. Rc6 Rb7 48. Rxg6 Rb5+ 49. Kc4 Rxb2 50. d6 Rxg2 51. Kc5 f3 52. Rg8+ Kd7
53. Ne5+ Ke6 54. Re8+ Kf6 55. Nxf3 Nxd6 56. Kxd6 Rg3 57. h4 Kf5 58. Nd4+ Kg4
59. Re4+ Kh5 60. Re5+ Kg4 61. Nf5 Rb3 62. Nxh6+ Kxh4 63. Nf5+ Kg4 64. Nd4 Rd3
65. Kd5 Rd1 66. Re6 a5 67. Ra6 Kf4 68. Rxa5 Ke3 69. Ra4 Rd3 70. Rb4 Rd1 71. Ke5
Rd3 72. Ra4 Rc3 73. Nf5+ Kd3 74. Rd4+ Kc2 75. Nd6 Rc5+ 76. Ke4 Rh5 77. Nf5 Rh8
78. Rd7 Re8+ 79. Kd4 Kd2 80. Ng3 Rh8 81. Ne4+ Ke2 82. Rd6 Ra8 83. Nc3+ Kd2 84.
Rd5 Rh8 85. Re5 Rd8+ 86. Nd5 Ra8 1/2-1/2

[Event "Guernsey Open 2011"]
[Site "Guernsey, Channel Islands"]
[Date "2011.10.21"]
[Round "6"]
[White "Minnican, Alan William"]
[Black "Brookfield, Toby"]
[Result "1-0"]
[WhiteElo "2106"]
[BlackElo "1802"]
[PlyCount "73"]
[EventDate "2011.10.16"]
[SourceDate "2011.11.07"]

1. Nf3 f5 2. d3 Nf6 3. e4 fxe4 4. dxe4 d5 5. exd5 e6 6. Bb5+ Bd7 7. Qe2 Nxd5 8.
Qxe6+ Qe7 9. Bxd7+ Nxd7 10. Qxe7+ Bxe7 11. Bd2 O-O-O 12. Nc3 Nxc3 13. Bxc3 Bf6
14. O-O-O Bxc3 15. bxc3 Nf6 16. Rhe1 Rxd1+ 17. Kxd1 Re8 18. Rxe8+ Nxe8 19. Ne5
Nd6 20. f3 c5 21. Ke2 Kc7 22. Kd3 Kb6 23. Nc4+ Nxc4 24. Kxc4 Kc6 25. f4 b5+ 26.
Kd3 Kd5 27. g4 g6 28. Ke3 a5 29. Kf3 a4 30. Ke3 b4 31. cxb4 cxb4 32. Kd3 h5 33.
gxh5 gxh5 34. h4 a3 35. f5 Ke5 36. Kc4 Kxf5 37. Kxb4 1-0

[Event "Guernsey Open 2011"]
[Site "Guernsey, Channel Islands"]
[Date "2011.10.21"]
[Round "6"]
[White "Reijneveld, Ad"]
[Black "Maruejols, Claude"]
[Result "0-1"]
[WhiteElo "2172"]
[BlackElo "2034"]
[PlyCount "104"]
[EventDate "2011.10.16"]
[SourceDate "2011.11.07"]

1. e4 c5 2. Nf3 d6 3. d4 cxd4 4. Nxd4 Nf6 5. Nc3 a6 6. Be2 e5 7. Nb3 Be6 8. O-O
Nbd7 9. f4 Rc8 10. Kh1 Be7 11. Be3 b5 12. Bf3 Qc7 13. Rf2 O-O 14. g3 Nb6 15. a4
b4 16. Nd5 Bxd5 17. exd5 e4 18. Bg2 Nbxd5 19. Bd4 Nb6 20. Qe2 d5 21. Qxa6 Nc4
22. a5 Ng4 23. Re2 Qd7 24. Qa7 Qd6 25. Bb6 Ra8 26. Qc7 Nxb6 27. axb6 Rxa1+ 28.
Nxa1 Qxc7 29. bxc7 Rc8 30. Bh3 h5 31. Bxg4 hxg4 32. Rd2 Rxc7 33. Rxd5 Bf6 34.
c3 bxc3 35. bxc3 Rxc3 36. Rd1 g5 37. fxg5 Bxg5 38. Kg2 Rd3 39. Rxd3 exd3 40.
Kf2 Kg7 41. Nb3 Kg6 42. Nc5 d2 43. Ke2 Kf6 44. Nd3 Ke6 45. Nf2 f5 46. h3 gxh3
47. Nxh3 Bh6 48. Nf4+ Ke5 49. Nd3+ Kd4 50. Nf2 Kc3 51. Kd1 Be3 52. Nh3 Kd4 0-1